La inteligencia emocional

Guardat en:
Dades bibliogràfiques
Autor principal: Goleman, Daniel (Autor)
Format: Llibre
Idioma:espanyol
Publicat: Buenos Aires Ediciones B 2000
Matèries:
Etiquetes: Afegir etiqueta
Sense etiquetes, Sigues el primer a etiquetar aquest registre!

MARC

LEADER 00000nam a2200000 a 4500
001 UCN2768
003 CL-VaPUC
008 010608e20000000AG |||||||||||||||||spa|d
020 |a 9501516415 
082 0 4 |a 153.9  |b GOL  |2 21 
100 |a Goleman, Daniel  |e author  |9 615276 
245 1 3 |a La inteligencia emocional 
300 |a 397 p 
942 |c BK 
945 |d 20010608 00:00:00  |a vberengu 
260 |a Buenos Aires  |b Ediciones B  |c 2000 
650 0 |a Inteligencia  |9 267038 
650 0 |a Emociones   |9 265224 
650 0 |a Traumas  |9 375412 
650 0 |a Personalidad   |9 307255 
650 0 |a Sistema nervioso  |9 266815 
650 0 |a Percepción   |9 266750 
650 0 |a Procesos mentales superiores  |9 330839 
650 0 |a Procesos de aprendizaje  |9 309161 
583 |a last modification  |c 20010608 00:00:00  |k Rodrigo Vera 
999 |c 295806  |d 295804 
952 |0 0  |1 0  |4 0  |6 153_900000000000000_GOL_2000  |7 0  |8 A  |9 349160  |a BIBEDU  |b BIBEDU  |d 2019-11-20  |i 3730379  |l 2  |o 153.9 GOL 2000  |p 3730379  |r 2024-04-22  |s 2024-04-15  |w 2019-11-20  |y BK  |k MUS 
952 |0 0  |1 0  |4 0  |6 153_900000000000000_GOL_2000  |7 0  |8 A  |9 349161  |a BIBMAT  |b BIBMAT  |c E_DIDACT  |d 2019-11-20  |i 4450426  |l 2  |m 3  |o 153.9 GOL 2000  |p 4450426  |r 2025-01-07  |s 2022-11-25  |w 2019-11-20  |y BK  |k MAT